| 000 | 00662nam a2200217 u 4500 | ||
|---|---|---|---|
| 005 | 20240418063729.0 | ||
| 008 | 110927s2006 r 000 0 eng d | ||
| 020 | _a9707704411 | ||
| 035 | _aUPN01000181948 | ||
| 049 | _aI | ||
| 050 | 4 |
_aPZ7 _bT6.2 |
|
| 100 | 1 | _aTownson, Hazel | |
| 245 | 1 | 3 |
_aEl chico invisible / _cHazel Townzon ; il. Tony Ross ; tr. P. Rozarena. |
| 260 |
_aMéxico : _bAlfaguara, _c2006. |
||
| 300 |
_a84 p. : _bil. |
||
| 440 | 0 | _aAlfaguara infantil | |
| 534 |
_pTraducción de: _tThe invisible boy |
||
| 650 | 0 |
_aLiteratura infantil inglesa _911046 |
|
| 650 | 0 |
_aAventuras y aventureros _vLiteratura juvenil _911236 |
|
| 905 | _aInfantil | ||
| 999 |
_c154051 _d154051 |
||